NBA Players by Picture - Lithuania - Statistics

General Stats
  • This quiz has been taken 15 times
    5 since last reset
  • The average score is 8 of 17
Answer Stats
Picture Answer % Correct
Arvydas Sabonis
100%
Domantas Sabonis
100%
Jonas Valančiūnas
100%
Matas Buzelis
100%
Zydrunas Ilgauskas
80%
Kasparas Jakučionis
60%
Arnoldas Kulboka
20%
Arvydas Macijauskas
20%
Darius Songaila
20%
Deividas Sirvydis
20%
Donatas Motiejūnas
20%
Ignas Brazdeikis
20%
Linas Kleiza
20%
Martynas Andriuškevičius
20%
Mindaugas Kuzminskas
20%
Šarūnas Jasikevičius
20%
Šarūnas Marčiulionis
20%
No matching quizzes found
Score Distribution
Percent of People with Each Score
Percentile by Number Answered
Your Score History
You have not taken this quiz since the last reset